[Event "26th Chicago Open"]
[Site "Wheeling, IL"]
[Date "2017.05.26"]
[Round "2.50"]
[White "Gustafsson, Alexander"]
[Black "Betaneli, Aleksandr"]
[Result "0-1"]
[WhiteElo "1974"]
[BlackElo "2218"]
[PlyCount "66"]
[EventDate "2017.05.??"]
[EventType "swiss"]
[EventRounds "9"]
[EventCountry "USA"]

1. d4 d5 2. Bf4 Nf6 3. e3 e6 4. Nf3 Bd6 5. Bg3 O-O 6. Nbd2 b6 7. Bd3 Bb7 8. Ne5
c5 9. c3 Nc6 10. f4 Ne7 11. Qf3 Nf5 12. Bf2 Be7 13. h4 Nd6 14. h5 Nfe4 15. g4
Nxd2 16. Kxd2 Ne4+ 17. Ke2 cxd4 18. exd4 Bf6 19. g5 Bxe5 20. dxe5 Nxf2 21. Kxf2
Qe7 22. Rac1 Rac8 23. Bb1 d4 24. Qd3 g6 25. Rhd1 dxc3 26. Rxc3 Qb4 27. Qd2 Rcd8
28. Rd3 Qc5+ 29. Qe3 Rxd3 30. Qxc5 Rf3+ 31. Ke2 bxc5 32. Rd7 Bc6 33. Rd6 Ba8
0-1

[Event "26th Chicago Open"]
[Site "Wheeling, IL"]
[Date "2017.05.26"]
[Round "2.52"]
[White "Ramoutar, Alan-Safar"]
[Black "Karagianis, Petros"]
[Result "0-1"]
[WhiteElo "1943"]
[BlackElo "2204"]
[PlyCount "106"]
[EventDate "2017.05.??"]
[EventType "swiss"]
[EventRounds "9"]
[EventCountry "USA"]

1. e4 c5 2. Nc3 a6 3. f4 e6 4. Nf3 d5 5. d3 Nc6 6. g3 d4 7. Ne2 b5 8. Bg2 Bb7
9. O-O Nf6 10. c3 Be7 11. h3 Qb6 12. Kh1 dxc3 13. bxc3 c4 14. e5 cxd3 15. Qxd3
Rd8 16. Qc2 Nd5 17. Ned4 Nxd4 18. cxd4 Rc8 19. Qf2 O-O 20. Bb2 Nb4 21. Ne1
Bxg2+ 22. Qxg2 Qc6 23. Rf3 Qd5 24. Rf2 Rc4 25. a3 Qxg2+ 26. Kxg2 Nd5 27. Kf3
Rfc8 28. Nd3 Kf8 29. Rc1 Ke8 30. Rff1 Nb6 31. Rxc4 bxc4 32. Nb4 c3 33. Bc1 Bxb4
34. axb4 Rc4 35. Ke4 Rxb4 36. Kd3 Nd5 37. Rf2 Ra4 38. f5 Ra1 39. Bg5 Rd1+ 40.
Kc4 Ra1 41. Kc5 Rb1 42. Ra2 Rb5+ 43. Kd6 Rb6+ 44. Kc5 Kd7 45. fxe6+ fxe6 46.
Kc4 h6 47. Bc1 Rb1 48. Ba3 c2 49. Rxc2 Ne3+ 50. Kd3 Nxc2 51. Kxc2 Rg1 52. g4
Rg2+ 53. Kc1 Ke8 0-1

[Event "26th Chicago Open"]
[Site "Wheeling, IL"]
[Date "2017.05.26"]
[Round "2.53"]
[White "Miyasaka, Marcus"]
[Black "Lucente, Mike"]
[Result "1-0"]
[WhiteElo "2197"]
[BlackElo "1973"]
[PlyCount "65"]
[EventDate "2017.05.??"]
[EventType "swiss"]
[EventRounds "9"]
[EventCountry "USA"]

1. e4 d5 2. exd5 Qxd5 3. Nc3 Qd6 4. d4 Nf6 5. Bc4 c6 6. Nge2 Bg4 7. f3 Bf5 8.
Bf4 Qd8 9. Ng3 Bg6 10. Nge4 e6 11. Nxf6+ gxf6 12. O-O Bxc2 13. Qd2 Bg7 14. d5
Bg6 15. dxe6 Qxd2 16. Bxd2 O-O 17. Ne4 f5 18. Nd6 fxe6 19. Bxe6+ Kh8 20. Bc3 b6
21. Rac1 a5 22. g4 Bxc3 23. bxc3 fxg4 24. fxg4 Rxf1+ 25. Rxf1 Na6 26. Bd7 Nc5
27. Bxc6 Rd8 28. Nf7+ Bxf7 29. Rxf7 Rd2 30. g5 Rxa2 31. Bd5 Ra1+ 32. Kg2 h6 33.
g6 1-0

[Event "26th Chicago Open"]
[Site "Wheeling, IL"]
[Date "2017.05.26"]
[Round "2.54"]
[White "Matus, Nastassja"]
[Black "Lapan, Dan"]
[Result "0-1"]
[WhiteElo "1885"]
[BlackElo "2194"]
[PlyCount "94"]
[EventDate "2017.05.??"]
[EventType "swiss"]
[EventRounds "9"]
[EventCountry "USA"]

1. d4 d5 2. c4 e5 3. dxe5 d4 4. g3 Nc6 5. Nf3 Nge7 6. e3 Bg4 7. Bg2 dxe3 8.
Qxd8+ Rxd8 9. O-O e2 10. Re1 Rd1 11. Bd2 Ng6 12. Bc3 Bxf3 13. Bxf3 Nd4 14. Be4
Nxe5 15. Nd2 Rxd2 16. Bxd2 Nef3+ 17. Bxf3 Nxf3+ 18. Kg2 Nxe1+ 19. Rxe1 Kd7 20.
Rxe2 Bd6 21. Be3 Re8 22. Rd2 Kc6 23. a3 a5 24. h4 a4 25. Kf3 h5 26. Rd5 Re5 27.
Bd4 Rxd5 28. cxd5+ Kxd5 29. Bxg7 f5 30. Ke2 Kc4 31. Kd2 b5 32. Ke3 c5 33. Bf6
b4 34. axb4 cxb4 35. Bg7 a3 36. bxa3 bxa3 37. Kd2 Kb3 38. Ke1 a2 39. Kd2 Ba3
40. Ke3 Bb2 41. Bxb2 Kxb2 42. Kf4 a1=Q 43. Kxf5 Qe1 44. Kg5 Qxf2 45. g4 Qc5+
46. Kf4 Qb4+ 47. Kg5 Qxg4+ 0-1

[Event "26th Chicago Open"]
[Site "Wheeling, IL"]
[Date "2017.05.26"]
[Round "2.55"]
[White "Furfine, Jacob"]
[Black "Johnston, Daniel"]
[Result "1-0"]
[WhiteElo "2191"]
[BlackElo "1935"]
[PlyCount "105"]
[EventDate "2017.05.??"]
[EventType "swiss"]
[EventRounds "9"]
[EventCountry "USA"]

1. d4 Nf6 2. Nf3 g6 3. Bf4 Bg7 4. e3 O-O 5. Be2 d5 6. O-O c5 7. c3 Nc6 8. Ne5
Nxe5 9. dxe5 Ne8 10. Nd2 b6 11. Nf3 Bb7 12. h4 Nc7 13. h5 Ne6 14. Qc2 Nxf4 15.
exf4 Bc8 16. Rad1 Bf5 17. Qd2 e6 18. hxg6 Bxg6 19. g3 Qe7 20. Kg2 Rad8 21. Qe3
Be4 22. Bd3 Bxd3 23. Qxd3 f5 24. exf6 Bxf6 25. Rde1 Rde8 26. Rh1 Qg7 27. f5 c4
28. Qd2 Qd7 29. fxe6 Rxe6 30. Rxe6 Qxe6 31. Qh6 Qf5 32. Qh5 Bg7 33. Qxf5 Rxf5
34. Re1 Rf8 35. g4 Rf6 36. Rd1 Rd6 37. Nd4 Bxd4 38. Rxd4 b5 39. f4 Kf7 40. Kf3
Kf6 41. Rd2 a5 42. f5 Ke5 43. Re2+ Kf6 44. Rh2 Rd7 45. Kf4 d4 46. g5+ Kg7 47.
f6+ Kg8 48. cxd4 Rxd4+ 49. Ke5 Rd1 50. Ke6 Re1+ 51. Kd5 Rg1 52. Ke6 Rxg5 53.
Rd2 1-0

[Event "26th Chicago Open"]
[Site "Wheeling, IL"]
[Date "2017.05.26"]
[Round "3.1"]
[White "Troff, Kayden"]
[Black "Nyzhnyk, Illia"]
[Result "1/2-1/2"]
[WhiteElo "2482"]
[BlackElo "2610"]
[PlyCount "48"]
[EventDate "2017.05.??"]
[EventType "swiss"]
[EventRounds "9"]
[EventCountry "USA"]
[WhiteClock "1:12:37"]
[BlackClock "1:26:27"]

1. d4 d5 2. c4 e6 3. Nf3 Nf6 4. Nc3 Bb4 5. Bg5 dxc4 6. e4 c5 7. dxc5 Qxd1+ 8.
Rxd1 Bxc3+ 9. bxc3 Nbd7 10. c6 bxc6 11. Nd2 Ba6 12. Bxf6 Nxf6 13. f3 Ke7 14.
Bxc4 Bb5 15. Rb1 Rab8 16. Ke2 Rhd8 17. Bxb5 cxb5 18. a4 bxa4 19. Rxb8 Rxb8 20.
Ra1 Nd7 21. Rxa4 Rb7 22. Ra5 Rc7 23. Kd3 f6 24. c4 Nc5+ 1/2-1/2

[Event "26th Chicago Open"]
[Site "Wheeling, IL"]
[Date "2017.05.26"]
[Round "3.3"]
[White "Stukopin, Andrey"]
[Black "Gurevich, Dmitry"]
[Result "1/2-1/2"]
[WhiteElo "2586"]
[BlackElo "2454"]
[PlyCount "125"]
[EventDate "2017.05.??"]
[EventType "swiss"]
[EventRounds "9"]
[EventCountry "USA"]
[WhiteClock "0:03:14"]
[BlackClock "0:02:02"]

1. e4 c5 2. Nf3 d6 3. d4 cxd4 4. Nxd4 Nf6 5. Nc3 Nc6 6. Bg5 e6 7. Qd2 Be7 8.
O-O-O Nxd4 9. Qxd4 a6 10. f3 b5 11. h4 Bb7 12. Kb1 Qc7 13. Qd2 Rc8 14. Bd3 h6
15. Be3 Nd7 16. g4 Ne5 17. Qf2 Bc6 18. Bd4 b4 19. Ne2 Ba4 20. Rc1 O-O 21. Ng3
Bb5 22. Be2 Bxe2 23. Nxe2 a5 24. Ng3 a4 25. g5 b3 26. f4 bxc2+ 27. Rxc2 Qxc2+
28. Qxc2 Rxc2 29. Kxc2 Rc8+ 30. Bc3 Ng4 31. Kd2 Kh7 32. a3 d5 33. exd5 Bd6 34.
Ke2 Bxf4 35. Kf3 Bxg3 36. Kxg3 Ne3 37. dxe6 fxe6 38. gxh6 gxh6 39. Re1 Nf5+ 40.
Kf4 Rc4+ 41. Ke5 Nxh4 42. Kxe6 h5 43. Kf6 Rf4+ 44. Kg5 Rc4 45. Kxh5 Nf3 46.
Re7+ Kg8 47. Kg6 Rc6+ 48. Kf5 Rc4 49. Re4 Nh4+ 50. Ke5 Ng6+ 51. Kd5 Rxe4 52.
Kxe4 Kf7 53. Kd5 Nf4+ 54. Kc4 Ke6 55. Bd2 Ng6 56. Kb4 Ne5 57. Kxa4 Nc4 58. Bc3
Nxb2+ 59. Bxb2 Kd7 60. Kb5 Kc7 61. Ka6 Kb8 62. Be5+ Ka8 63. Bc7 1/2-1/2

[Event "26th Chicago Open"]
[Site "Wheeling, IL"]
[Date "2017.05.26"]
[Round "3.6"]
[White "Shmelov, Denys"]
[Black "Shabalov, Alexander"]
[Result "1/2-1/2"]
[WhiteElo "2415"]
[BlackElo "2556"]
[PlyCount "54"]
[EventDate "2017.05.??"]
[EventType "swiss"]
[EventRounds "9"]
[EventCountry "USA"]

1. d4 Nf6 2. c4 e6 3. Nc3 Bb4 4. Qc2 Nc6 5. Nf3 d6 6. Bg5 h6 7. Bd2 d5 8. a3
Bxc3 9. Bxc3 O-O 10. e3 a5 11. b3 b6 12. Bb2 Bb7 13. Bd3 Ne7 14. O-O a4 15. b4
dxc4 16. Bxc4 Bxf3 17. gxf3 Nf5 18. Kh1 Nh4 19. Qe2 Nd5 20. Rg1 f5 21. e4 fxe4
22. fxe4 Nf4 23. d5 Nxe2 24. Rxg7+ Kh8 25. Rf7+ Kg8 26. Rg7+ Kh8 27. Rf7+ Kg8
1/2-1/2

[Event "26th Chicago Open"]
[Site "Wheeling, IL"]
[Date "2017.05.26"]
[Round "3.11"]
[White "Popilski, Gil"]
[Black "Thavandiran, Shiyam"]
[Result "1/2-1/2"]
[WhiteElo "2544"]
[BlackElo "2363"]
[PlyCount "95"]
[EventDate "2017.05.??"]
[EventType "swiss"]
[EventRounds "9"]
[EventCountry "USA"]

1. d4 Nf6 2. c4 e6 3. Nc3 Bb4 4. e3 O-O 5. Bd3 c5 6. Nge2 cxd4 7. exd4 d5 8.
cxd5 Nxd5 9. O-O Nc6 10. Bc2 Be7 11. Qd3 g6 12. Ba4 Bf6 13. Bh6 Re8 14. Qf3 Bd7
15. Bb3 Nxd4 16. Nxd4 Bxd4 17. Nxd5 exd5 18. Rad1 Qh4 19. Bxd5 Be6 20. Bxe6
Rxe6 21. Qxb7 Rae8 22. Be3 Bxe3 23. fxe3 R6e7 24. Qd5 Qb4 25. b3 Qb6 26. Rf3
Rf8 27. Qd4 Qa6 28. Rd2 Qc6 29. h3 Qc1+ 30. Rd1 Qc2 31. Rd2 Qc1+ 32. Kh2 Rc7
33. e4 Qb1 34. Rdf2 Re8 35. Rf4 Qe1 36. Qd5 Ree7 37. Rc2 Rcd7 38. Qg5 Re8 39.
Rcf2 Qe3 40. Qb5 Red8 41. Qc4 Rf8 42. R4f3 Qg5 43. Qc3 Re8 44. Rf4 Qd8 45. e5
Qb8 46. Qc6 Rde7 47. Qd6 Qb5 48. Rb4 1/2-1/2

[Event "26th Chicago Open"]
[Site "Wheeling, IL"]
[Date "2017.05.26"]
[Round "3.18"]
[White "Friedel, Joshua"]
[Black "Gorti, Akshita"]
[Result "1/2-1/2"]
[WhiteElo "2528"]
[BlackElo "2240"]
[PlyCount "62"]
[EventDate "2017.05.??"]
[EventType "swiss"]
[EventRounds "9"]
[EventCountry "USA"]

1. d4 e6 2. c4 Nf6 3. Nc3 Bb4 4. Nf3 c5 5. g3 Ne4 6. Qc2 Qa5 7. Qxe4 Bxc3+ 8.
Bd2 Bxd2+ 9. Nxd2 Nc6 10. dxc5 Qxc5 11. Bg2 b5 12. b4 Nxb4 13. O-O d5 14. Qg4
O-O 15. cxb5 Nc2 16. Rac1 Qd4 17. Ne4 f5 18. Qg5 fxe4 19. Rxc2 Bd7 20. e3 Qf6
21. Qxf6 gxf6 22. Rb1 Rfc8 23. Rxc8+ Rxc8 24. a4 Kf7 25. a5 Rb8 26. Bf1 Ke7 27.
f3 exf3 28. Kf2 Kd6 29. Kxf3 Kc5 30. Rc1+ Kd6 31. Rb1 Kc5 1/2-1/2

[Event "26th Chicago Open"]
[Site "Wheeling, IL"]
[Date "2017.05.26"]
[Round "3.25"]
[White "Li, Zhaozhi"]
[Black "Miyasaka, Marcus"]
[Result "1/2-1/2"]
[WhiteElo "2364"]
[BlackElo "2197"]
[PlyCount "47"]
[EventDate "2017.05.??"]
[EventType "swiss"]
[EventRounds "9"]
[EventCountry "USA"]

1. Nf3 Nf6 2. g3 e6 3. Bg2 d5 4. c4 a6 5. b3 d4 6. Bb2 Bc5 7. O-O Nc6 8. d3 O-O
9. Nbd2 h6 10. Ne1 e5 11. Nc2 Bf5 12. Bxc6 bxc6 13. b4 Be7 14. c5 Nd5 15. Nc4
Bf6 16. e4 dxe3 17. fxe3 Bh3 18. Rf2 e4 19. dxe4 Bxb2 20. Nxb2 Nf6 21. Rf4 Qe7
22. Nd4 Nxe4 23. g4 g5 24. Nf5 1/2-1/2

[Event "26th Chicago Open"]
[Site "Wheeling, IL"]
[Date "2017.05.26"]
[Round "3.26"]
[White "Shankar, Gauri"]
[Black "Furfine, Jacob"]
[Result "1/2-1/2"]
[WhiteElo "2354"]
[BlackElo "2191"]
[PlyCount "36"]
[EventDate "2017.05.??"]
[EventType "swiss"]
[EventRounds "9"]
[EventCountry "USA"]

1. Nf3 Nf6 2. c4 e6 3. g3 d5 4. Bg2 Be7 5. O-O O-O 6. b3 c5 7. Bb2 Nc6 8. cxd5
Nxd5 9. Nc3 Nc7 10. d3 Rb8 11. Rc1 b6 12. Ne4 Bb7 13. Qc2 Rc8 14. Rfd1 Nb5 15.
Qb1 Nbd4 16. Nxd4 cxd4 17. a3 a5 18. Rc2 Qd7 1/2-1/2

[Event "26th Chicago Open"]
[Site "Wheeling, IL"]
[Date "2017.05.26"]
[Round "3.27"]
[White "Whaley, Davis"]
[Black "Colas, Joshua"]
[Result "1/2-1/2"]
[WhiteElo "2185"]
[BlackElo "2352"]
[PlyCount "103"]
[EventDate "2017.05.??"]
[EventType "swiss"]
[EventRounds "9"]
[EventCountry "USA"]

1. d4 Nf6 2. c4 c5 3. d5 d6 4. Nc3 g6 5. e4 Bg7 6. Nge2 O-O 7. f3 a6 8. a4 e6
9. Ng3 exd5 10. cxd5 Nbd7 11. Be2 h5 12. O-O Re8 13. Be3 Rb8 14. Qd2 Qc7 15.
Nh1 c4 16. Nf2 b5 17. axb5 axb5 18. b4 Ne5 19. Ra7 Qd8 20. Ra5 Bd7 21. h3 Qe7
22. f4 Nd3 23. Bxd3 cxd3 24. Qxd3 Nxe4 25. Ncxe4 Bf5 26. Ba7 Rb7 27. Re1 Rxa7
28. Qxb5 Rea8 29. Nf6+ Qxf6 30. Rxa7 Rxa7 31. Qb8+ Kh7 32. Qxa7 Qc3 33. Qe3
Qxb4 34. g4 Bd4 35. Qe7 Bxf2+ 36. Kxf2 Qxf4+ 37. Kg2 Bd3 38. Qe3 Qxe3 39. Rxe3
Bc4 40. Kg3 hxg4 41. hxg4 Bxd5 42. Rd3 Be6 43. g5 d5 44. Kf4 Kg7 45. Ke5 Bf5
46. Rxd5 Be6 47. Rb5 Bc4 48. Rb6 Ba2 49. Kf4 Bc4 50. Rc6 Bd5 51. Rd6 Bc4 52.
Rc6 1/2-1/2

[Event "26th Chicago Open"]
[Site "Wheeling, IL"]
[Date "2017.05.26"]
[Round "3.28"]
[White "Grabinsky, Aaron"]
[Black "Vishnuvardhan, Arjun"]
[Result "1-0"]
[WhiteElo "2351"]
[BlackElo "2157"]
[Annotator "Hater,David"]
[PlyCount "68"]
[EventDate "2017.05.??"]
[EventType "swiss"]
[EventRounds "9"]
[EventCountry "USA"]

1. d4 f5 2. Nf3 Nf6 3. Bf4 e6 4. e3 b6 5. Bd3 Bb7 6. Nbd2 Bd6 7. Qe2 Ne4 8.
O-O-O Qf6 9. h4 Bxf4 10. exf4 Nxd2 11. Rxd2 O-O 12. Qe3 Rc8 13. Bc4 Bxf3 14.
Qxf3 c6 15. d5 exd5 16. Rxd5 Kh8 17. Re5 d6 18. Re6 Qf8 19. Rhe1 Nd7 20. Ba6
Rcb8 21. Bd3 Nc5 22. R6e2 d5 23. Re5 Ne4 24. g3 Re8 25. Qe3 Kg8 26. c3 g6 27.
Qd4 Qc5 28. Re2 Qxd4 29. cxd4 Kf7 30. Ba6 Rxe5 31. dxe5 c5 32. Kc2 Ke6 33. Kd3
Rd8 34. Ke3 Kd7 {Black lost on time} 1-0

[Event "26th Chicago Open"]
[Site "Wheeling, IL"]
[Date "2017.05.26"]
[Round "3.32"]
[White "Titus, Andrew"]
[Black "Vibbert, Sean"]
[Result "1/2-1/2"]
[WhiteElo "2129"]
[BlackElo "2316"]
[PlyCount "104"]
[EventDate "2017.05.??"]
[EventType "swiss"]
[EventRounds "9"]
[EventCountry "USA"]

1. e4 c5 2. Nf3 e6 3. d4 cxd4 4. Nxd4 Nc6 5. Nc3 Qc7 6. g3 a6 7. Bg2 d6 8. O-O
Bd7 9. Nxc6 Bxc6 10. a4 Be7 11. Be3 Nf6 12. Re1 O-O 13. a5 Nd7 14. Na4 Bf6 15.
c3 Rad8 16. Nb6 Qb8 17. Qc2 Nxb6 18. Bxb6 Rd7 19. f4 Bd8 20. Be3 Bc7 21. b4 d5
22. exd5 Bxd5 23. Bxd5 Rxd5 24. Rad1 Rfd8 25. Rxd5 Rxd5 26. Rd1 Qd8 27. Rxd5
Qxd5 28. Bd4 f6 29. Qg2 Kf7 30. Qxd5 exd5 31. Kf2 Ke6 32. Ke3 h5 33. h3 g6 34.
g4 hxg4 35. hxg4 Bd6 36. Bc5 Bc7 37. Bd4 Bb8 38. Bb6 f5 39. g5 Kd7 40. Bd4 Kc6
41. Be5 Ba7+ 42. Bd4 Bb8 43. Be5 Bxe5 44. fxe5 Kd7 45. Kf3 Kc7 46. Ke3 Kc6 47.
Kf3 Kd7 48. Ke3 Ke6 49. Kf4 Ke7 50. Kf3 f4 51. Kg4 Kd7 52. Kf3 Ke7 1/2-1/2

[Event "26th Chicago Open"]
[Site "Wheeling, IL"]
[Date "2017.05.26"]
[Round "3.33"]
[White "He, Anthony"]
[Black "Yoo, Christopher"]
[Result "1/2-1/2"]
[WhiteElo "2307"]
[BlackElo "2129"]
[PlyCount "101"]
[EventDate "2017.05.??"]
[EventType "swiss"]
[EventRounds "9"]
[EventCountry "USA"]

1. e4 c5 2. Nf3 d6 3. d4 cxd4 4. Nxd4 Nf6 5. Nc3 a6 6. Be3 e5 7. Nb3 Be6 8. h3
h5 9. f4 exf4 10. Bxf4 Nc6 11. Be2 d5 12. exd5 Nxd5 13. Nxd5 Qxd5 14. O-O Be7
15. Bf3 Qxd1 16. Raxd1 Rd8 17. c3 g5 18. Bc7 Rxd1 19. Rxd1 g4 20. hxg4 hxg4 21.
Be4 Rh5 22. Kf2 Rb5 23. Rd2 Bc4 24. Bf4 a5 25. Bxc6+ bxc6 26. Nd4 Bc5 27. b3
Bxd4+ 28. Rxd4 Be6 29. Bc7 Rc5 30. c4 a4 31. Ke3 axb3 32. axb3 Rh5 33. Bf4 Ke7
34. Kd2 Rf5 35. b4 Rh5 36. Kc3 Rh1 37. Bd6+ Ke8 38. b5 cxb5 39. cxb5 Rb1 40.
Bb4 Rc1+ 41. Kd3 Rd1+ 42. Bd2 Rb1 43. Rb4 Rxb4 44. Bxb4 Bd5 45. g3 Kd7 46. Kd4
Bf3 47. Ke5 Be2 48. b6 Kc6 49. Bc5 Kb7 50. Kf6 Bc4 51. Kg5 1/2-1/2

[Event "26th Chicago Open"]
[Site "Wheeling, IL"]
[Date "2017.05.25"]
[Round "3.35"]
[White "Feng, Maggie"]
[Black "Ulrich, Rachel"]
[Result "1-0"]
[WhiteElo "2298"]
[BlackElo "2073"]
[PlyCount "41"]
[EventDate "2017.05.??"]
[EventType "swiss"]
[EventRounds "9"]
[EventCountry "USA"]

1. Nf3 d5 2. g3 c6 3. Bg2 Bg4 4. c4 Nf6 5. cxd5 cxd5 6. Ne5 Bf5 7. Qa4+ Nbd7 8.
Nc3 e6 9. g4 Bg6 10. h4 Bc2 11. Nxf7 Bxa4 12. Nxd8 Rxd8 13. Nxa4 Nxg4 14. Bh3
Nde5 15. d4 Bb4+ 16. Kf1 Rf8 17. f4 Ng6 18. Bxg4 Nxf4 19. Bf3 Nh5 20. Rg1 Be7
21. Bg5 1-0

[Event "26th Chicago Open"]
[Site "Wheeling, IL"]
[Date "2017.05.26"]
[Round "3.37"]
[White "Zhang, Yuanchen"]
[Black "Rudolph, Joziah"]
[Result "1-0"]
[WhiteElo "2585"]
[BlackElo "1836"]
[PlyCount "59"]
[EventDate "2017.05.??"]
[EventType "swiss"]
[EventRounds "9"]
[EventCountry "USA"]

1. e4 e5 2. Nf3 Nf6 3. Nxe5 d6 4. Nf3 Nxe4 5. Nc3 d5 6. Qe2 Be7 7. Nxe4 dxe4 8.
Qxe4 O-O 9. Bd3 g6 10. O-O Nd7 11. Bc4 Nb6 12. Bb3 a5 13. a4 Bd7 14. d4 Bc6 15.
Qd3 Qd7 16. Ne5 Qd8 17. Bh6 Nd5 18. Nxc6 bxc6 19. Bxf8 Kxf8 20. Rfe1 Rb8 21. g3
Qd7 22. Bxd5 cxd5 23. b3 c5 24. dxc5 Bf6 25. Rad1 d4 26. Qa6 Kg7 27. Qxa5 Qh3
28. Re4 h5 29. Rf1 Bg5 30. Rxd4 1-0

[Event "26th Chicago Open"]
[Site "Wheeling, IL"]
[Date "2017.05.26"]
[Round "3.38"]
[White "Posthuma, Joshua"]
[Black "Wongso, Steve"]
[Result "1-0"]
[WhiteElo "2268"]
[BlackElo "1636"]
[PlyCount "53"]
[EventDate "2017.05.??"]
[EventType "swiss"]
[EventRounds "9"]
[EventCountry "USA"]

1. b3 Nf6 2. Bb2 g6 3. Bxf6 exf6 4. c4 Nc6 5. Nc3 Bg7 6. g3 f5 7. Bg2 O-O 8. e3
Re8 9. Nge2 b6 10. O-O Bb7 11. d4 a5 12. Nf4 Rb8 13. Rc1 d6 14. a3 h6 15. Qc2
Kh7 16. Rfd1 Qd7 17. c5 Ne7 18. cxb6 cxb6 19. Ncd5 Nc8 20. Qc7 Qxc7 21. Rxc7 g5
22. Nh5 Kg6 23. Ndf4+ gxf4 24. Nxf4+ Kf6 25. Bxb7 Re7 26. Nd5+ Ke6 27. Bxc8+
1-0

[Event "26th Chicago Open"]
[Site "Wheeling, IL"]
[Date "2017.05.26"]
[Round "3.44"]
[White "Wang, Jason"]
[Black "Li, Ben"]
[Result "1/2-1/2"]
[WhiteElo "2016"]
[BlackElo "2263"]
[PlyCount "61"]
[EventDate "2017.05.??"]
[EventType "swiss"]
[EventRounds "9"]
[EventCountry "USA"]

1. d4 d5 2. c4 e6 3. Nc3 Nf6 4. cxd5 exd5 5. Bg5 Be7 6. e3 c6 7. Qc2 O-O 8. Bd3
h6 9. Bh4 Re8 10. Nf3 Ne4 11. Bxe7 Qxe7 12. Bxe4 dxe4 13. Nd2 Bf5 14. O-O Nd7
15. Rae1 Nf6 16. f3 Rad8 17. fxe4 Bxe4 18. Qb3 Bd5 19. Qc2 Ng4 20. e4 Qd6 21.
e5 Qb4 22. Rf4 Be6 23. a3 Qb6 24. Na4 Qc7 25. Nc5 Nf6 26. Nxe6 fxe6 27. Qg6 Nd5
28. Ne4 Nxf4 29. Nf6+ Kf8 30. Nh7+ Kg8 31. Nf6+ 1/2-1/2

[Event "26th Chicago Open"]
[Site "Wheeling, IL"]
[Date "2017.05.26"]
[Round "3.46"]
[White "Tsay, Vincent"]
[Black "Wang, Michael"]
[Result "1/2-1/2"]
[WhiteElo "1980"]
[BlackElo "2224"]
[PlyCount "120"]
[EventDate "2017.05.??"]
[EventType "swiss"]
[EventRounds "9"]
[EventCountry "USA"]

1. d4 Nf6 2. c4 g6 3. Nc3 Bg7 4. e4 d6 5. Nf3 O-O 6. Be2 e5 7. O-O Nc6 8. d5
Ne7 9. b4 Nh5 10. g3 f5 11. Ng5 Nf6 12. Bf3 c6 13. b5 cxb5 14. cxb5 h6 15. Ne6
Bxe6 16. dxe6 fxe4 17. Nxe4 Nxe4 18. Bxe4 d5 19. Bg2 e4 20. Rb1 Nf5 21. Qb3 Re8
22. Bxe4 Nd4 23. Qxd5 Qxd5 24. Bxd5 Ne2+ 25. Kg2 Nc3 26. Bxb7 Nxb1 27. Bxa8
Rxa8 28. Bxh6 Nc3 29. Bxg7 Kxg7 30. Rc1 Nxb5 31. a4 Nd6 32. Rd1 Nf5 33. g4 Ne7
34. g5 a5 35. Rd7 Kf8 36. Kf3 Ra6 37. Rd8+ Kg7 38. Rd7 Rxe6 39. Ra7 Re5 40. Kf4
Rf5+ 41. Ke4 Kf7 42. f4 Rc5 43. Kd4 Rc2 44. Kd3 Rxh2 45. Rxa5 Ke6 46. Ke4 Re2+
47. Kf3 Re1 48. Ra8 Ra1 49. Ke4 Kd6 50. a5 Ra4+ 51. Kf3 Ra3+ 52. Ke4 Ra4+ 53.
Kf3 Kd5 54. a6 Ra3+ 55. Kf2 Kd6 56. a7 Kd7 57. f5 Ra2+ 58. Kg1 Nxf5 59. Rg8
Rxa7 60. Rxg6 Ra2 1/2-1/2

[Event "26th Chicago Open"]
[Site "Wheeling, IL"]
[Date "2017.05.26"]
[Round "3.49"]
[White "Lederer, Yoav"]
[Black "Saleem, Arshaq"]
[Result "1/2-1/2"]
[WhiteElo "2259"]
[BlackElo "2042"]
[PlyCount "74"]
[EventDate "2017.05.??"]
[EventType "swiss"]
[EventRounds "9"]
[EventCountry "USA"]

1. Nf3 Nf6 2. g3 g6 3. Bg2 Bg7 4. c4 O-O 5. d4 d6 6. Nc3 Nc6 7. O-O a6 8. b3
Rb8 9. d5 Na5 10. Bd2 c5 11. dxc6 Nxc6 12. Rc1 Bf5 13. Ng5 h6 14. Nge4 Nxe4 15.
Nxe4 Qd7 16. Bc3 Rfe8 17. Re1 Rbc8 18. Bxg7 Kxg7 19. Nc3 Bh3 20. Bh1 Qc7 21.
Qd2 Qa5 22. Red1 Be6 23. Na4 Qxd2 24. Rxd2 Rc7 25. f4 Nb8 26. Bd5 Bxd5 27. Rxd5
b5 28. Nb2 Nd7 29. Rdd1 Rec8 30. Rb1 Nb6 31. cxb5 axb5 32. Rd2 Rc2 33. Rbd1 Nd5
34. Rxc2 Rxc2 35. Rxd5 Rxb2 36. Rxb5 Rxa2 37. Kf2 Rb2 1/2-1/2

[Event "26th Chicago Open"]
[Site "Wheeling, IL"]
[Date "2017.05.26"]
[Round "3.50"]
[White "Mattson, Dane"]
[Black "Studen, Damir"]
[Result "1/2-1/2"]
[WhiteElo "2052"]
[BlackElo "2212"]
[PlyCount "41"]
[EventDate "2017.05.??"]
[EventType "swiss"]
[EventRounds "9"]
[EventCountry "USA"]

1. c4 e6 2. Nc3 d5 3. e3 Nf6 4. Nf3 c6 5. b3 Bd6 6. Bb2 Nbd7 7. Qc2 O-O 8. Be2
e5 9. cxd5 cxd5 10. Nb5 Bb8 11. Rc1 e4 12. Nfd4 a6 13. Ba3 Re8 14. Nc7 Bxc7 15.
Qxc7 Nf8 16. O-O Qxc7 17. Rxc7 b5 18. Bb2 Ne6 19. Rc2 Bd7 20. Rfc1 Rac8 21.
Rxc8 1/2-1/2

[Event "26th Chicago Open"]
[Site "Wheeling, IL"]
[Date "2017.05.26"]
[Round "3.51"]
[White "Korba, Nicky"]
[Black "Gustafsson, Alexander"]
[Result "1-0"]
[WhiteElo "2171"]
[BlackElo "1974"]
[PlyCount "82"]
[EventDate "2017.05.??"]
[EventType "swiss"]
[EventRounds "9"]
[EventCountry "USA"]

1. e4 c5 2. Nf3 d6 3. d4 Nf6 4. Nc3 cxd4 5. Nxd4 Nc6 6. g3 e5 7. Nb3 h6 8. Bg2
Be7 9. O-O O-O 10. h3 Be6 11. Be3 a6 12. Nd5 b5 13. a4 Bxd5 14. exd5 Na5 15.
Nxa5 Qxa5 16. axb5 Qxb5 17. b3 Nd7 18. c4 Qb8 19. c5 Nxc5 20. Bxc5 dxc5 21. d6
Qxd6 22. Qxd6 Bxd6 23. Bxa8 Rxa8 24. Rfd1 Be7 25. Rd7 Bf6 26. Ra4 Rb8 27. Rd3
Rb6 28. f3 Be7 29. Kf2 f5 30. Ke2 Re6 31. Kd1 Kf7 32. Rd7 e4 33. fxe4 fxe4 34.
Ke2 Kf6 35. Ra7 Ke5 36. R7xa6 Bd6 37. Ke3 Kd5 38. Ra2 Rf6 39. Rd2+ Ke5 40. Rf2
Rg6 41. Rf5+ Ke6 1-0

[Event "26th Chicago Open"]
[Site "Wheeling, IL"]
[Date "2017.05.26"]
[Round "3.52"]
[White "Eckert, Doug"]
[Black "Ramoutar, Alan-Safar"]
[Result "0-1"]
[WhiteElo "2152"]
[BlackElo "1943"]
[PlyCount "69"]
[EventDate "2017.05.??"]
[EventType "swiss"]
[EventRounds "9"]
[EventCountry "USA"]

1. c4 g6 2. g3 Bg7 3. Bg2 d6 4. Nc3 e5 5. d3 f5 6. e4 Nf6 7. Nge2 O-O 8. O-O c6
9. exf5 Bxf5 10. h3 Na6 11. g4 Be6 12. b3 d5 13. Bg5 Qd7 14. Qd2 Rad8 15. Rad1
h5 16. f3 Rde8 17. Bh6 Nc7 18. Bxg7 Qxg7 19. g5 Nd7 20. Qe1 Qe7 21. h4 b5 22.
cxb5 cxb5 23. Rc1 d4 24. Ne4 Nd5 25. Qg3 Ne3 26. Rfe1 Bd5 27. Rc7 Bxe4 28. fxe4
Rc8 29. Rec1 Rxc7 30. Rxc7 Qd6 31. Rxa7 Nc5 32. Bh3 Nxd3 33. Nc1 Nxc1 34. Rd7
Ne2+ 35. Kh2 0-1

[Event "26th Chicago Open"]
[Site "Wheeling, IL"]
[Date "2017.05.26"]
[Round "3.54"]
[White "Guo, Arthur"]
[Black "Matus, Nastassja"]
[Result "1-0"]
[WhiteElo "2122"]
[BlackElo "1885"]
[PlyCount "66"]
[EventDate "2017.05.??"]
[EventType "swiss"]
[EventRounds "9"]
[EventCountry "USA"]

1. e4 e6 2. d4 d5 3. Nd2 dxe4 4. Nxe4 Nd7 5. Nf3 Ngf6 6. Bd3 Nxe4 7. Bxe4 Nf6
8. Bd3 c5 9. Be3 cxd4 10. Bxd4 Be7 11. Qe2 O-O 12. O-O-O Qa5 13. Kb1 Nd5 14.
Bc4 Nb4 15. Bc3 Qc7 16. h4 a6 17. Ng5 h6 18. Qe4 f5 19. Nxe6 fxe4 20. Nxc7+ Kh7
21. Nxa8 Bg4 22. f3 exf3 23. gxf3 Bf5 24. Rhg1 g6 25. Rde1 Bc5 26. Re5 Bd6 27.
Rxf5 Rxf5 28. Rd1 Be5 29. Bxb4 Rf4 30. Nb6 Rxh4 31. Rd7+ Kh8 32. a3 Bd4 33.
Rxd4 Rxd4 1-0